Normal view
MARC view
- Gómez Rivera, Patricia
Entry Nombre Personal
001 - NUMERO DE CONTROL
- campo de control: 50622
003 - IDENTIFICADOR DE NUMERO DE CONTROL
- campo de control: MX-MxUPN
005 - FECHA Y HORA DE LA ÜLTIMA TRANSACCIÓN
- campo de control: 20231114112233.0
008 - DATOS DE LONGITUD FIJA
- campo de control de longitud fija: 231114nn fnnnnaabn | a|a d
040 ## - FUENTE DE CATALOGACIÓN
- Agencia original de catalogación: MX-MxUPN
- Lenguaje de catalogación: spa
100 1# - ENCABEZAMIENTO - NOMBRE PERSONAL
- Nombre personal: Gómez Rivera, Patricia
400 1# - VEÁSE - NOMBRE DE PERSONA
- Personal name: Rivera, Patricia Gómez
670 ## - FUENTE EN LA QUE SE LOCALIZARON DATOS
- Cita de la fuente: De recursos, bosques y animales, 2012 :
- Información localizada: contraportada (Patricia Gómez Rivera)
902 ## - CATALOGADOR
- Catalogador: VíctorGodínez/141123
